000 00845nam a22002537a 4500
999 _c14775
_d14775
003 AR-CdUCM
008 190410b ||||| |||| 00| 0 spa d
020 _a978-84-16648-75-7
040 _aMUNICIPALIDAD PROVINCIAL DEL CUSCO
_cBIBLIOTECA MUNICIPAL DEL CUSCO
041 _hit
082 _aPI / 803 /
_bR74
100 _aRodari, Gianni
_930845
245 _aCuentos por teléfono :
_bLos monos se van de viaje /
260 _aBarcelona :
_bPicarona,
_c2016.
300 _bIlustraciones,
_c19 cm.
505 _aContenido: Cuentos por teléfono : Los monos se van de viaje.
650 _aCuentos infantiles
_93927
650 _aHistoria
_9136
650 _aTexto educativo
_925832
700 _aFasanini, Lorenzo (traductor)
_933667
700 _aZito, Francesco (ilustraciones)
_933668
942 _2ddc
_cLIBROS
945 _acmm
_d2019-04-24